Statistics for Country Music Artists #1

Click here to take the quiz!

General Stats

  • This quiz has been taken 53 times
  • The average score is 11 of 22

Answer Stats

HintAnswer% Correct
Before He CheatsCarrie Underwood
85%
JoleneDolly Parton
83%
Love StoryTaylor Swift
69%
God Gave Me YouBlake Shelton
67%
Play It AgainLuke Bryan
65%
CruiseFlorida Georgia Line
63%
Need You NowLady Antebellum
63%
Take Me Home, Country RoadsJohn Denver
60%
Girl CrushLittle Big Town
60%
If I Die YoungThe Band Perry
54%
Coal Miner's DaughterLoretta Lynn
48%
Dirt on My BootsJon Pardi
44%
Concrete AngelMartina McBride
44%
Over YouMiranda Lambert
44%
Take Your TimeSam Hunt
42%
Middle of a MemoryCole Swindell
35%
StaySugarland
33%
Not Ready to Make NiceDixie Chicks
27%
Here Comes GoodbyeRascal Flatts
23%
Whatever She's GotDavid Nail
21%
What We Ain't GotJake Owen
19%
She Don't Love YouEric Paslay
13%

Score Distribution

Percentile by Number Answered

Percent of People with Each Score

Your Score History

You have not taken this quiz